000 00468nam a22001697a 4500
003 BD-ChCU
005 20260426130042.0
008 260426b bg ||||| |||| 00| 0 ben d
040 _cBD-ChCU
082 _a330.19355 TOF
100 _aTolley , Howard R.
_921936
245 _aThe farmer citizen at war./
_cHoward R. Tolley ,
260 _aNew York :
_bMacmillan ,
_cC 1943
300 _axi , 318p.
650 0 _aWar -Economic Aspects .
_921937
942 _2ddc
_cBK
_n0
999 _c112440
_d112440